Statistics for Most populous countries beginning with each letter in the word Jetpunk

Click here to take the quiz!

General Stats

  • This quiz has been taken 73 times
  • The average score is 6 of 7

Answer Stats

Letter(Pop)Answer% Correct
J(126MILL)Japan
96%
N(191mill)Nigeria
94%
U(325mill)USA
94%
E(104mill)Ethiopia
93%
P(196mill)Pakistan
89%
T(79mill)Turkey
87%
K(48mill)Kenya
81%

Score Distribution

Percentile by Number Answered

Percent of People with Each Score

Your Score History

You have not taken this quiz